00998 2200325 4500001002100000005001500021035002000036007000300056008004100059020002200100082001500122084001700137100003000154245010200184250003200286300003700318650002200355700002800377700003100405504003100436264003100467336002100498337003000519338002300549040002200572090002200594850001200616999002200628990002200650INLIS00000000089581920250505101535 a0010-0525000065ta250505s2023 yoia g 000 0 ind d a978-623-6299-98-204223a610.28 a610.28 HAR p0 aHarini SosiatiePengarang10aPotensi komposit polimer untuk material biomedis /cHarini Sosiati, Yusril Yusuf, Gatot Supangkat aCetakan Pertama, April 2023 ax, 79 halaman :bgambar ;c23 cm 4aRekayasa biomedis0 aYusril YusufePengarang0 aGatot SupangkatePengarang aBibliografi: halaman 70-7931aBantul :bUMY Press,c2023 2rdacontentateks 2rdamediaatanpa perantara 2rdacarrieravolume aYOPDYOGbinderda aCB-D.11 2023-6184 aYOPDYOG aCB-D.11/2023-6184 aCB-D.11/2023-6184